000
00296nam a2200133Ia 4500
100
_a
Sasikumar/ Shikhare
942
_c
BK
654
_a
parallel
245
_a
Introduction to Parallel Processing
260
_b
Prentice Hall
_c
2003
082
_a
4.35
_b
SAS
300
_a
266
546
_a
ENGLISH
999
_c
29032
_d
29032